Top 50 Albums from 1972 - Statistics

General Stats
  • This quiz has been taken 10 times
  • The average score is 12 of 50
Answer Stats
Artist Album % Correct
#6: The Rolling Stones Exile on Main St.
80%
#3: Yes Close to the Edge
70%
#5: Neil Young Harvest
70%
#7: Jethro Tull Thick as a Brick
70%
#13: Lou Reed Transformer
60%
#9: Deep Purple Machine Head
50%
#2: Nick Drake Pink Moon
50%
#17: Stevie Wonder Talking Book
50%
#1: David Bowie The Rise and Fall of Ziggy Stardust and the Spiders from Mars
50%
#27: Steely Dan Can't Buy a Thrill
40%
#35: Santana Caravanserai
40%
#26: The Allman Brothers Band Eat a Peach
40%
#4: Can Ege Bamyasi
40%
#12: Genesis Foxtrot
40%
#15: NEU! NEU!
40%
#32: Roxy Music Roxy Music
30%
#8: Curtis Mayfield Superfly
30%
#22: T. Rex The Slider
30%
#24: Big Star #1 Record
20%
#38: Captain Beyond Captain Beyond
20%
#30: Gentle Giant Octopus
20%
#29: Van Morrison Saint Dominic's Preview
20%
#11: Black Sabbath Vol. 4
20%
#23: Wishbone Ash Argus
10%
#47: Banco del Mutuo Soccorso Banco del Mutuo Soccorso
10%
#31: Pharoah Sanders Black Unity
10%
#42: Banco del Mutuo Soccorso Darwin!
10%
#44: Uriah Heep Demons and Wizards
10%
#33: Al Green I'm Still in Love With You
10%
#19: Charles Mingus Let My Children Hear Music
10%
#49: Al Green Let's Stay Together
10%
#16: Miles Davis On the Corner
10%
#21: Fela & the Africa 70 Roforofo Fight
10%
#36: McCoy Tyner Sahara
10%
#50: Randy Newman Sail Away
10%
#41: Ornette Coleman Science Fiction
10%
#46: Fela & the Africa 70 Shakara
10%
#45: Bill Withers Still Bill
10%
#39: Premiata Forneria Marconi Storia Di Un Minuto
10%
#34: Nino Rota The Godfather
10%
#25: The Mothers of Invention The Grand Wazoo
10%
#14: Novos Baianos Acabou Chorare
0%
#28: Various Artists A Clockwork Orange
0%
#10: Milton Nascimento & Lô Borges Clube da Esquina
0%
#37: Maurizio Pollini Études Op. 10 & Op. 25
0%
#18: Popol Vuh Hosianna Mantra
0%
#43: Premiata Forneria Marconi Per un Amico
0%
#20: Caetano Veloso Transa
0%
#48: Walter Carlos Walter Carlos' Clockwork Orange
0%
#40: Terry Callier What Color is Love
0%
No matching quizzes found
Score Distribution
Percent of People with Each Score
Percentile by Number Answered
Your Score History
You have not taken this quiz